Psychoanalysis and fiction : an exploration of literary and psychoanalytic borders /

Bibliographic Details
Main Author: Gunn, Daniel
Format: Book
Language:English
Published: Cambridge, England ; New York : Cambridge University Press, 1988.
Subjects:

MARC

Tag First Indicator Second Indicator Subfields
LEADER 00000cam a2200000 a 4500
001 in00000033309
005 20151007060553.0
008 870826s1988 enk b 00110 eng
010 |a  87025589  
020 |a 0521350689 
035 |a (OCoLC)16681267 
035 |9 AAC1173AM 
040 |a DLC  |c DLC  |d TXA  |d UtOrBLW 
049 |a TXAM  |c [A12635070] 
050 0 0 |a PN98.P75  |b G86 1988 
082 0 |a 809/.93353  |2 19 
100 1 |a Gunn, Daniel. 
245 1 0 |a Psychoanalysis and fiction :  |b an exploration of literary and psychoanalytic borders /  |c Daniel Gunn. 
264 1 |a Cambridge, England ;  |a New York :  |b Cambridge University Press,  |c 1988. 
300 |a xi, 251 pages ;  |c 23 cm. 
336 |a text  |b txt  |2 rdacontent 
337 |a unmediated  |b n  |2 rdamedia 
338 |a volume  |b nc  |2 rdacarrier 
504 |a Bibliography: pages 237-246. 
500 |a Includes index. 
650 0 |a Psychoanalysis and literature. 
650 0 |a Literature  |x History and criticism. 
999 |a MARS 
999 f f |s 8045c80c-a3aa-3fe5-ba1c-525b989325c7  |i b5c0b4e8-1396-35e3-a263-c5f96a81185b  |t 0 
952 f f |p ric  |a Texas A&M University  |b Rellis Campus  |c Joint Library Facility  |d Remote Storage  |t 0  |e PN98.P75 G86 1988  |h Library of Congress classification  |i unmediated -- volume  |m A14812635070 
998 f f |a PN98.P75 G86 1988  |t 0  |l Remote Storage